Statistics for Name a Valid Word #1

Click here to take the quiz!

General Stats

  • This quiz has been taken 32,970 times
  • The average score is 10 of 17

Answer Stats

CriteriaWords% Correct
Ends in GRYangry | hangry | hungry
97%
Five letters, ends in EFTcleft | theft
81%
Five letters, starts with Q, ends with Kquack | quark | quick | quirk
80%
Is an animal, singular is the same as the pluralbuffalo | deer | fish | moose | sheep | ...
79%
Starts with WH, ends in Fwharf | whiff | whereof
72%
Five letters, starts with FJfjord | fjeld
69%
Four letters, starts with Z, ends with Yzany
66%
Seven letters, starts with LEOleopard | leonine | leotard
63%
Four letters, is a palindromedeed | kook | noon | peep | sees | toot | ...
60%
Ends with LFTHtwelfth
57%
Seven letters, starts with KEYkeycard | keyhole | keynote | keyword | ...
56%
Five letters, has 3 R'serror | rarer
56%
Ends in AZspaz | topaz | pizzaz | shiraz
53%
Four letters, starts and ends with Eease | eave | edge | else | epee | ...
47%
Five letters, contains ZZ, isn't PIZZAabuzz | dizzy | fizzy | jazzy | whizz | ...
40%
Six letters, starts with C, ends with Wcallow | cashew | curfew | curlew
28%
Seven letters, starts with O, ends with Foneself | ourself
5%

Score Distribution

Percentile by Number Answered

Percent of People with Each Score

Your Score History

You have not taken this quiz